| 000 | 00606nam a2200193 i 4500 | ||
|---|---|---|---|
| 001 | 60608 | ||
| 003 | ES-MaACL | ||
| 005 | 20230906164253.0 | ||
| 007 | t| | ||
| 008 | 031105s1977 sp ||||1| spa d | ||
| 100 | 1 |
_aEstefani Alvarez, María del Dulce Nombre. _948089 |
|
| 245 | 1 | 0 |
_aEstructuras de la épica latina / _cMaría del Dulce Nombre Estefani Alvarez. |
| 260 |
_aMadrid : _bFundación Juan March, _c[1977] |
||
| 300 |
_a49 p. ; _c21 cm. |
||
| 490 | 1 |
_aSerie universitaria ; _v40 |
|
| 830 | 0 |
_aSerie universitaria ; _v40 _9180747 |
|
| 852 |
_aES-MaACL _jA-7398 _bR.96715 |
||
| 999 |
_c60608 _d60608 |
||